| 000 | 00770cam a2200265 a 4500 | ||
|---|---|---|---|
| 999 |
_c1980 _d1980 |
||
| 001 | 588588 | ||
| 003 | OSt | ||
| 005 | 20230222134641.0 | ||
| 008 | 180326s2010 enka j 000 1 eng d | ||
| 020 |
_a9780007279067 _q(pbk.) : |
||
| 040 |
_aTWNTU _beng _cSTD _dKH8 |
||
| 041 | 0 | _aeng | |
| 042 | _anbic | ||
| 082 | 0 | 4 |
_a823.92 WAL _223 |
| 099 | _a846E | ||
| 100 | 1 |
_aWalliams, David, _d1971- _eauthor |
|
| 245 | 1 | 0 |
_aMr. Stink / _cDavid Walliams ; illustrated by Quentin Blake. |
| 246 | 3 | _aMister Stink. | |
| 260 |
_aLondon : _bHarperCollins Children's Books, _c2010. |
||
| 300 |
_a267 p. : _bill. ; _c20 cm. |
||
| 650 | 0 |
_aHomeless persons _vJuvenile fiction. |
|
| 650 | 0 |
_aFriendship _vJuvenile fiction. |
|
| 700 | 1 |
_aBlake, Quentin. _eillustrator |
|
| 942 |
_2ddc _cNFIC |
||